[Event "Olympiad Women 2024"]
[Site "Budapest HUN"]
[Date "2024.09.18"]
[Round "7.12"]
[Board "2"]
[White "Houska, Jovanka"]
[Black "Berzina, Ilze"]
[Result "1-0"]
[WhiteElo "2333"]
[BlackElo "2200"]
[PlyCount "113"]
[EventDate "2024.09.11"]
[WhiteTeam "England"]
[BlackTeam "Latvia"]
[WhiteTeamCountry "ENG"]
[BlackTeamCountry "LAT"]

1. Nf3 d5 2. g3 Bg4 3. Bg2 Nd7 4. c4 c6 5. cxd5 ({RR} 5. O-O e5 6. cxd5 cxd5 7. d4 e4 8. Ne5 Be6 9. f3 Nxe5 10. dxe5 Bc5+ 11. Kh1 Ne7 12. Nc3 Nc6 13. fxe4 d4 14. Nd5 O-O 15. Bf4 Ne7 16. Rc1 Rc8 17. b4 Bb6 18. Bg5 Rxc1 19. Qxc1 Bxd5 {1-0 Reinderman,D (2568)-Van Foreest,J (2615) NED-ch rapid 2016 (4)}) 5... cxd5 6. h3 Bh5 $146 ({RR} 6... Bxf3 7. Bxf3 e6 8. Nc3 Ne7 9. d3 Nc6 10. Bg2 Be7 11. O-O O-O 12. Bf4 Bg5 13. Bxg5 Qxg5 14. d4 Qe7 15. e3 Rac8 16. Qe2 Nb6 17. Rac1 a6 18. Rfd1 Rfd8 19. b3 Rc7 20. Qb2 Rdc8 21. a3 {½-½ Burmakin,V (2585)-Raznikov,D (2484) Zalakaros op 34th 2015 (6)}) ({RR} 6... Bf5 7. Nc3 Ngf6 8. Nd4 Be4 9. Nxe4 dxe4 10. O-O Ne5 11. Nb3 e6 12. d4 exd3 13. Bxb7 Rb8 14. Bg2 Be7 15. Bf4 Rb5 16. exd3 O-O 17. a4 Rd5 18. Bxd5 Qxd5 19. Bxe5 Qxe5 20. d4 Qd5 21. Qd3 {1-0 Kaldarova,A (2231)-Pragnya H G (2002) WSCC Speed Play-In 4 2024 (2)}) ({RR} 6... Bxf3 7. Bxf3 e6 8. O-O Ngf6 9. d3 Bc5 10. Nc3 O-O 11. a3 Rc8 12. Bg2 a6 13. Bd2 h6 14. Qb3 b5 15. Rac1 Qb6 16. Qa2 Rfd8 17. Qb1 Qb8 18. Na2 Bb6 19. e3 Nc5 20. Bc3 Ne8 21. b3 {1-0 Kuzubov,Y (2637)-Esipenko,A (2509) EU-ch 18th Minsk 2017 (3)}) ({RR} 6... Bxf3 7. Bxf3 e6 8. O-O Ngf6 9. Nc3 Be7 10. d4 O-O 11. Qd3 Rc8 12. Bd2 a6 13. Rac1 b5 14. e3 Nb6 15. b3 Ba3 16. Rb1 Bb4 17. Rfc1 Qe7 18. Ne2 h6 19. h4 Rfd8 20. Nf4 Nfd7 21. Qe2 {1-0 Puranik,A (2568)-Krishna Teja,N (2385) Yerevan op-A 3rd 2021 (2)}) 7. Qb3 Qc7 8. Nc3 e6 9. d4 a6 10. O-O Ngf6 11. e4 dxe4 12. Ng5 Be7 13. Bf4 Qb6 14. Ngxe4 O-O 15. Nxf6+ Bxf6 16. Qxb6 Nxb6 17. Bd6 Rfe8 18. Bc5 Nc4 19. b3 Nd2 20. Rfd1 Bxd1 21. Rxd1 Rac8 22. Na4 Red8 23. Bxb7 Bxd4 24. Be7 Ba7 25. Kg2 Rb8 26. Bxd8 Rxd8 27. Bxa6 Rd4 28. Nc3 Bb6 29. b4 f5 30. Nb5 Rd5 31. a4 f4 32. gxf4 g5 33. Nc3 Rd4 34. fxg5 Bd8 35. h4 h6 36. Nb1 Nb3 37. Rxd4 Nxd4 38. gxh6 Kh7 39. Kh3 Kxh6 40. Nd2 Kh5 41. Ne4 Be7 42. b5 Bd8 43. Bc8 Bb6 44. f4 Bc7 45. Ng3+ Kg6 46. Kg4 Kf6 47. Ne4+ Ke7 48. Ng5 Kf6 49. h5 e5 50. Ne4+ Kg7 51. f5 Bd8 52. Bd7 Kh6 53. f6 Nb3 54. f7 Be7 55. b6 Na5 56. Be6 Kg7 57. Bd5 1-0

[Event "Olympiad Women 2024"]
[Site "Budapest HUN"]
[Date "2024.09.18"]
[Round "7.12"]
[Board "3"]
[White "Krumina, Linda"]
[Black "Hunt, Harriet V"]
[Result "0-1"]
[WhiteElo "2091"]
[BlackElo "2304"]
[PlyCount "104"]
[EventDate "2024.09.11"]
[WhiteTeam "Latvia"]
[BlackTeam "England"]
[WhiteTeamCountry "LAT"]
[BlackTeamCountry "ENG"]

1. d4 Nf6 2. Nf3 e6 3. e3 b6 4. Bd3 Bb7 5. O-O g6 6. c4 Bg7 7. Nc3 O-O 8. e4 d6 9. h3 Nbd7 10. Bg5 ({RR} 10. Bc2 e5 11. Re1 Re8 12. d5 a5 13. a3 Rf8 14. Be3 h6 15. b4 Nh7 16. c5 axb4 17. axb4 Rxa1 18. Qxa1 bxc5 19. bxc5 Nxc5 20. Bxc5 dxc5 21. Qa7 Bc8 22. Nb5 Ng5 23. Nxg5 Qxg5 24. Re3 Bxh3 {0-1 Injac,T (2439)-Livaic,L (2561) Titled Tue 13th Feb Early 2024 (3)}) 10... h6 11. Be3 e5 12. d5 $146 ({RR} 12. dxe5 dxe5 13. b4 Nh5 14. c5 Nf4 15. Bb5 c6 16. Bc4 Qe7 17. Qd6 Qxd6 18. cxd6 a5 19. b5 Rfc8 20. Rac1 Bf8 21. Bxf4 exf4 22. e5 Nc5 23. bxc6 Bxc6 24. Bd5 Nd3 25. Rcd1 Nb4 26. Bxc6 Rxc6 {0-1 Gines Esteo,P (2194)-Matnadze,A (2355) ESP-ch rapid 2016 (7)}) ({RR} 12. dxe5 dxe5 13. b4 Nh5 14. c5 Nf4 15. Bc4 Kh8 16. Qa4 c6 17. Rad1 Qc7 18. Qb3 Nf6 19. Bxf4 exf4 20. e5 Nd7 21. e6 Ne5 {½-½ Forcen Esteban,D (2549)-Alvarez Pedraza,A (2440) La Roda op 43rd 2016 (7)}) 12... Nh5 13. Qd2 Kh7 14. g4 Qf6 15. gxh5 Qxf3 16. hxg6+ fxg6 17. Kh2 Qh5 18. Be2 Qh4 19. Rg1 Rxf2+ 20. Bxf2 Qxf2+ 21. Kh1 Rf8 22. Raf1 Qh4 23. Qe3 Nf6 24. Kh2 h5 25. Qg3 Qxg3+ 26. Kxg3 Bh6 27. Kg2 a6 28. Rf3 Bf4 29. Bd3 g5 30. Ne2 Kh6 31. Nxf4 exf4 32. h4 Bc8 33. Kf1 Bg4 34. Rf2 Re8 35. hxg5+ Kxg5 36. Re2 Nd7 37. b3 Ne5 38. Bc2 f3 39. Re3 Kf4 40. Rc3 h4 41. Bd1 Rh8 42. Kf2 h3 43. b4 h2 44. Rh1 Rh3 45. c5 bxc5 46. bxc5 dxc5 47. Bc2 c4 48. Ra3 Bc8 49. Rc3 Ng4+ 50. Kf1 Kg3 51. Bd1 Ne5 52. Be2 Rh4 0-1

[Event "Olympiad Women 2024"]
[Site "Budapest HUN"]
[Date "2024.09.18"]
[Round "7.12"]
[Board "4"]
[White "Toma, Katarzyna"]
[Black "Vidruska, Renate"]
[Result "1/2-1/2"]
[WhiteElo "2184"]
[BlackElo "2035"]
[PlyCount "62"]
[EventDate "2024.09.11"]
[WhiteTeam "England"]
[BlackTeam "Latvia"]
[WhiteTeamCountry "ENG"]
[BlackTeamCountry "LAT"]

1. e4 e5 2. Nf3 Nc6 3. Bb5 a6 4. Bxc6 dxc6 5. O-O Bd6 6. d4 exd4 7. Qxd4 f6 8. Be3 Ne7 9. Nbd2 Ng6 10. Nc4 Qe7 11. Nxd6+ cxd6 12. Rad1 O-O 13. Qxd6 Qxe4 14. Bc5 Qxc2 $146 ({RR} 14... Bg4 15. Rfe1 Qxc2 16. Rd2 Qf5 17. Nd4 Qg5 18. Ne6 Bxe6 19. Qxe6+ Kh8 20. Bxf8 Qxd2 21. Bd6 h6 22. h3 Qxb2 23. Re3 Qb1+ 24. Kh2 Kh7 25. Qd7 Qd1 26. Rg3 Rg8 27. Qe6 Qd5 28. Qd7 Nh4 29. Qg4 {0-1 Howell,D (2224)-Cooper,L (2348) Hastings Challengers 2002 (1)}) ({RR} 14... Bg4 15. Rd4 Qf5 16. Nd2 Ne5 17. Qc7 Rfc8 18. Qxb7 Qxc2 19. Ne4 Rab8 20. Qa7 Be2 21. Rd2 Qxe4 22. Re1 Rd8 23. f3 Qg6 24. Rdxe2 Nxf3+ 25. Kf2 Nxe1 26. Kxe1 Qb1+ 27. Kf2 Rxb2 28. Qxa6 Rxe2+ 29. Qxe2 {½-½ Womacka,M (2345)-Sherali Pattnaik (1915) Titled Tue 10th Sep Early 2024 (2)}) 15. Nh4 Re8 16. Rde1 Bg4 17. Rc1 Qe2 18. Nxg6 hxg6 19. h3 Bf5 20. Qd4 Rad8 21. Qb4 Qb5 22. Qxb5 axb5 23. Rfe1 Kf7 24. b4 Be6 25. a3 Rd3 26. Re3 Rxe3 27. Bxe3 Ra8 28. Rc3 Bc4 29. Bc5 Rd8 30. a4 Rd1+ 31. Kh2 Rd3 1/2-1/2

[Event "Olympiad Women 2024"]
[Site "Budapest HUN"]
[Date "2024.09.18"]
[Round "7.13"]
[Board "1"]
[White "Narva, Mai"]
[Black "Atalik, Ekaterina"]
[Result "0-1"]
[WhiteElo "2420"]
[BlackElo "2381"]
[PlyCount "78"]
[EventDate "2024.09.11"]
[WhiteTeam "Estonia"]
[BlackTeam "Turkiye"]
[WhiteTeamCountry "EST"]

1. d4 d5 2. Nf3 Nf6 3. e3 e6 4. Bd3 Bd6 5. b3 O-O 6. Bb2 b6 7. O-O Bb7 8. Nbd2 Ne4 9. c4 Nd7 10. a3 ({RR} 10. cxd5 exd5 11. Ne5 Qe7 12. f4 Nxd2 13. Qxd2 Nf6 14. Qe2 Ne4 15. Bxe4 dxe4 16. f5 Qg5 17. Rf4 f6 18. Rg4 Qh6 19. Rg3 fxe5 20. dxe5 Bc5 21. f6 Bd5 22. b4 Bxb4 23. Rxg7+ Kh8 24. e6 Bd6 {1-0 Malakhov,V (2691)-Predojevic,B (2614) CRO-chT1A 26th 2017 (4.12)}) 10... a5 ({RR} 10... c5 11. Qe2 Qe7 12. Rfd1 Rfd8 13. Ne5 cxd4 14. exd4 Nxd2 15. Rxd2 dxc4 16. bxc4 Bxe5 17. dxe5 Nc5 18. Rad1 Qg5 19. f3 g6 20. Bc2 Rxd2 21. Qxd2 Qxd2 22. Rxd2 Ba6 23. Rd4 Rc8 24. Bc3 Kf8 25. Bd2 {1-0 Terry,R (2520)-Kollars,D (2607) Titled Tue 25th Apr Late 2023 (11)}) 11. Qc2 f5 12. Rac1 $146 ({RR} 12. cxd5 exd5 13. Ne5 Bxe5 14. dxe5 Ndc5 15. Rfd1 Qh4 16. Nf3 Qh6 17. Bf1 f4 18. exf4 Qxf4 19. b4 Ne6 20. b5 Rae8 21. Ra2 Qg4 22. Qb3 Nf4 23. Bd4 Re6 24. Kh1 a4 25. Qb1 Nh3 26. Rd3 Nf4 {0-1 Dizdarevic,E (2521)-Jovanic,O (2435) Pula op 19th 2005 (4)}) ({RR} 12. Rfc1 Rc8 13. Nf1 Qe7 14. Qe2 c5 15. Ne5 cxd4 16. Nxd7 Qxd7 17. exd4 Bf4 18. Re1 Rfe8 19. f3 Ng5 20. h4 Nf7 21. g3 Bd6 22. Kg2 Kf8 23. Qf2 e5 24. Ne3 e4 25. Be2 f4 26. gxf4 Bxf4 {½-½ Limberg,S (2081)-Boehme,E (1917) Hessen-ch Seniors op 08th 2012 (1)}) 12... Qe7 13. cxd5 exd5 14. Bb5 Ndf6 15. Ne5 Rac8 16. a4 c5 17. Qd3 Nxd2 18. Qxd2 Ne4 19. Qe2 Bxe5 20. dxe5 Ng5 21. f4 Ne6 22. Rcd1 Rc7 23. Rd2 g5 24. fxg5 Qxg5 25. Rf3 Kh8 26. Rg3 Qh4 27. Bd3 c4 28. bxc4 dxc4 29. Bc2 c3 30. Bxc3 Rxc3 31. Rd7 Be4 32. Bd1 Rc7 33. Rxc7 Nxc7 34. Qb2 Ne6 35. Qxb6 f4 36. exf4 Qxf4 37. Bf3 Qc1+ 38. Kf2 Qd2+ 39. Kg1 Qe1# 0-1

[Event "Olympiad Women 2024"]
[Site "Budapest HUN"]
[Date "2024.09.18"]
[Round "7.13"]
[Board "2"]
[White "Yildiz Kadioglu, Betul Cemre"]
[Black "Olde, Margareth"]
[Result "1/2-1/2"]
[WhiteElo "2314"]
[BlackElo "2135"]
[PlyCount "88"]
[EventDate "2024.09.11"]
[WhiteTeam "Turkiye"]
[BlackTeam "Estonia"]
[BlackTeamCountry "EST"]

1. d4 d5 2. c4 e6 3. Nf3 Nf6 4. g3 Bb4+ 5. Bd2 Be7 6. Bg2 O-O 7. O-O c6 8. Qc2 Nbd7 9. Bf4 b6 10. cxd5 cxd5 11. Rc1 Bb7 12. Qb3 Rc8 13. Rxc8 Qxc8 14. Nc3 a6 15. Rc1 Qa8 16. Na4 b5 17. Nc5 Nxc5 18. dxc5 Ne4 $146 ({RR} 18... Rc8 19. Qe3 a5 20. a3 b4 21. axb4 axb4 22. Ne5 Qa5 23. c6 Ba8 24. Qd4 Qa6 25. c7 Ne8 26. Nd3 g5 27. Bd2 Rxc7 28. Rxc7 Nxc7 29. Bxb4 Bxb4 30. Qxb4 Qa7 31. Qe7 h6 32. Ne5 {1-0 Berkes,F (2654)-Pranav,A (2467) Teplice op 15th 2022 (9)}) ({RR} 18... d4 19. a4 Bd5 20. Qd3 bxa4 21. Qxd4 Rc8 22. Qxa4 Rxc5 23. Ne1 Rxc1 24. Bxc1 Bxg2 25. Nxg2 Nd5 26. Nf4 Nxf4 27. Bxf4 Bf8 28. Be3 Qc8 29. h4 h5 30. b3 g6 {½-½ Wojtaszek,R (2749)-Ding,L (2816) Shenzhen Du Te Cup 2nd 2018 (9)}) 19. Be3 Rc8 20. Qb4 Qb8 21. Ne1 e5 22. Bxe4 dxe4 23. Rd1 Qc7 24. Qc3 h6 25. b4 Kh7 26. Ng2 Rf8 27. Bc1 Rd8 28. Qb3 f5 29. Ne3 Rxd1+ 30. Qxd1 Qc8 31. Qb3 f4 32. Qf7 fxe3 33. Qxe7 exf2+ 34. Kxf2 Qf5+ 35. Ke1 e3 36. Bxe3 Qe4 37. Kf2 Qg2+ 38. Ke1 Qe4 39. Kf2 Qg2+ 40. Ke1 Qh1+ 41. Kd2 Qd5+ 42. Ke1 Qh1+ 43. Kd2 Qd5+ 44. Ke1 Qh1+ 1/2-1/2

[Event "Olympiad Women 2024"]
[Site "Budapest HUN"]
[Date "2024.09.18"]
[Round "7.13"]
[Board "3"]
[White "Narva, Triin"]
[Black "Ozturk Orenli, Kubra"]
[Result "1/2-1/2"]
[WhiteElo "2066"]
[BlackElo "2262"]
[PlyCount "133"]
[EventDate "2024.09.11"]
[WhiteTeam "Estonia"]
[BlackTeam "Turkiye"]
[WhiteTeamCountry "EST"]

1. e4 e5 2. Nf3 Nc6 3. Bb5 a6 4. Ba4 Nf6 5. Nc3 Bd6 6. d3 h6 7. O-O O-O 8. Re1 Re8 9. Ne2 ({RR} 9. Nh4 Nd4 10. Ne2 c5 11. c3 Nxe2+ 12. Qxe2 Bf8 13. Nf5 b5 14. Bb3 d5 15. Ng3 Bg4 16. f3 Be6 17. Be3 d4 18. Bxe6 Rxe6 19. cxd4 cxd4 20. Bd2 Rc8 21. Rec1 Rec6 22. Qd1 Nd7 23. Rxc6 Rxc6 {0-1 Weigand,A (2036)-Sidhant,M (2379) Reykjavik Open 2024 (8.34)}) 9... b5 10. Bb3 Na5 11. c3 $146 ({RR} 11. Ng3 Bb7 12. h3 Bf8 13. Nh2 d5 14. Ng4 Nxb3 15. axb3 dxe4 16. dxe4 Nxe4 17. Qxd8 Rexd8 18. Nxe4 Bxe4 19. Rxe4 Rd1+ 20. Kh2 f5 21. Ne3 Re1 22. Nxf5 Rxe4 23. Be3 g6 24. Ng3 Rb4 25. f3 a5 {0-1 Fontaine,R (2552)-Kraemer,M (2561) TCh-SUI 2023 (1.1)}) 11... Nxb3 12. Qxb3 c5 13. Ng3 Bb7 14. c4 Bc6 15. Bd2 Bf8 16. Rad1 d6 17. Qc2 b4 18. h3 g6 19. Nh2 Bg7 20. Rf1 Ra7 21. f4 exf4 22. Bxf4 Kh7 23. Nf3 Re6 24. Rfe1 Qe8 25. Qf2 Rae7 26. Nf1 Nh5 27. Bc1 Nf6 28. g4 Nd7 29. Ne3 Ne5 30. Nxe5 Bxe5 31. Qh4 Bf6 32. Qg3 Bd4 33. Rf1 Qh8 34. g5 Qe5 35. Qxe5 Rxe5 36. Kh2 hxg5 37. Ng4 f5 38. Nf6+ Kg7 39. Bxg5 fxe4 40. h4 exd3 41. Ng4 Re2+ 42. Kg3 Re8 43. Rxd3 Rg2+ 44. Kh3 Rxb2 45. Bh6+ Kg8 46. Rf4 Bd7 47. Rdf3 Bf5 48. h5 gxh5 49. Rxf5 hxg4+ 50. Kxg4 Rg2+ 51. Kh3 Rg6 52. Bf4 Kg7 53. Bg5 Rh8+ 54. Kg4 Rh1 55. Rf7+ Kg8 56. Rf8+ Kh7 57. Kf5 Be5 58. Be3 Bg7 59. Rf7 Rh5+ 60. Ke4 Kg8 61. Ra7 Re6+ 62. Kd3 d5 63. Rg3 dxc4+ 64. Kxc4 Kh8 65. Raxg7 Rxe3 66. Rg8+ Kh7 67. R3g7+ 1/2-1/2

[Event "Olympiad Women 2024"]
[Site "Budapest HUN"]
[Date "2024.09.18"]
[Round "7.13"]
[Board "4"]
[White "Aydin, Gulenay"]
[Black "Olde, Grete"]
[Result "1-0"]
[WhiteElo "2202"]
[BlackElo "1952"]
[PlyCount "57"]
[EventDate "2024.09.11"]
[WhiteTeam "Turkiye"]
[BlackTeam "Estonia"]
[BlackTeamCountry "EST"]

1. e4 e5 2. Nf3 Nc6 3. Nc3 Nf6 4. Bb5 Bc5 5. O-O d6 6. d4 exd4 7. Nxd4 Bd7 8. Bxc6 bxc6 9. Bg5 h6 ({RR} 9... O-O 10. Nb3 Bb6 11. Qf3 a6 12. e5 dxe5 13. Rad1 Qe7 14. Ne4 Bg4 15. Qxg4 Nxg4 16. Bxe7 Rfe8 17. Bc5 f5 18. Ng3 g6 19. h3 Nh6 20. Rd7 Rad8 21. Rfd1 Nf7 22. a4 a5 23. Nf1 Nd6 24. Rxd8 {1-0 Paasikangas,J (2058)-La Fleur,Z (1773) Olympiad Women 2024 (3.31)}) 10. Bh4 g5 11. Bg3 O-O 12. h3 $146 ({RR} 12. Nb3 Bb4 13. e5 Bxc3 14. bxc3 dxe5 15. Bxe5 Re8 16. Bxf6 Qxf6 17. Qxd7 Qxc3 18. Qd3 Qb2 19. f4 Rad8 20. Qc4 g4 21. f5 h5 22. f6 Re6 23. Qf4 Qxc2 24. Nd4 Qc5 25. Qh6 Qxd4+ 26. Kh1 Rxf6 {1-0 Ganesh,B (2120)-Jitesh,S (1905) Mumbai Mayors Cup 1st 2008 (9)}) ({RR} 12. Nb3 Bb6 13. e5 Bg4 14. Qd2 Nh5 15. Ne4 d5 16. Nec5 Qe7 17. Qd4 Bf5 18. Rac1 Ng7 19. Qc3 h5 20. f3 Rfe8 21. Rfe1 Rad8 22. Bf2 d4 23. Qc4 Rd5 24. Nd3 Bxd3 25. cxd3 Rxe5 26. Qxc6 Re6 {0-1 Lopez Sarmiento,I (1760)-Marquez Rueda,B (2018) COL-ch Seniors 2013 (1)}) ({RR} 12. Nb3 Bb6 13. h3 a5 14. e5 dxe5 15. Bxe5 Ne8 16. Qd3 Qc8 17. Ne4 Bf5 18. Nd4 Nd6 19. Nf6+ Kg7 20. Nd7+ f6 21. Nxf5+ Nxf5 22. Qxf5 fxe5 23. Qxe5+ {1-0 Mai,A (2137)-Linhart,J (1790) Ceske Budejovice Open 2023 (2.34)}) 12... Qb8 13. Nb3 Bb4 14. Qf3 Bxc3 15. bxc3 Qd8 16. Rad1 d5 17. exd5 g4 18. Qf4 Nxd5 19. Qxh6 Nxc3 20. Be5 Ne2+ 21. Kh2 f6 22. Qg6+ Kh8 23. Nc5 fxe5 24. Rxd7 Qxd7 25. Nxd7 g3+ 26. fxg3 Rxf1 27. Nf6 Rxf6 28. Qxf6+ Kg8 29. Qxe5 1-0

[Event "Olympiad Women 2024"]
[Site "Budapest HUN"]
[Date "2024.09.18"]
[Round "7.14"]
[Board "1"]
[White "Injac, Teodora"]
[Black "Alinasab, Mobina"]
[Result "1-0"]
[WhiteElo "2425"]
[BlackElo "2336"]
[PlyCount "81"]
[EventDate "2024.09.11"]
[WhiteTeam "Serbia"]
[BlackTeam "Iran"]
[WhiteTeamCountry "SRB"]
[BlackTeamCountry "IRI"]

1. d4 Nf6 2. Nf3 e6 3. Bf4 d5 4. e3 c5 5. Nbd2 Nc6 6. c3 Bd6 7. Bg3 O-O 8. Bd3 b6 9. e4 Be7 10. e5 Nd7 11. h4 h6 12. a3 a5 13. Qe2 c4 $146 ({RR} 13... Bb7 14. Qe3 Re8 15. Bf4 Bf8 16. Ng5 f5 17. g4 Ba6 18. gxf5 hxg5 19. hxg5 Bxd3 20. Qxd3 exf5 21. Qxf5 Ndxe5 22. dxe5 Bd6 23. g6 Nxe5 24. O-O-O Qf6 25. Qh5 Nd3+ 26. Kb1 Nxf4 27. Qh8# {1-0 Tristan,L (2515)-Yanev,T (2354) Titled Tue 16th Jan Early 2024 (6)}) ({RR} 13... Bb7 14. Bf4 Re8 15. Rh3 f5 16. Qe3 Bf8 17. Rg3 Kh7 18. h5 Ba6 19. Bxa6 Rxa6 20. Rg6 b5 21. Bg5 Ne7 22. Bxe7 Bxe7 23. g4 Rf8 24. Ke2 c4 25. Qf4 Rf7 26. Rg1 Qf8 27. gxf5 Rxf5 28. Qg4 {1-0 Papadopoulos,G (2301)-Tilicheev,V (2513) Athens Iraklion op 21st 2018 (9)}) ({RR} 13... Re8 14. Bf4 Nf8 15. g4 Nb8 16. Qe3 Ba6 17. Bb1 Nbd7 18. Nf1 Ng6 19. Bg3 Rc8 20. h5 Ngf8 21. Bf4 cxd4 22. cxd4 Nh7 23. Ng3 Ndf8 24. Ne2 Ng5 25. Bxg5 Bxg5 26. Nxg5 Qxg5 27. Qxg5 hxg5 28. Kd2 {1-0 Kanmazalp,O (2431)-Hatzl,J (2046) Graz op-A 2017 (5)}) 14. Bb1 b5 15. Bf4 f6 16. exf6 Nxf6 17. Ne5 Nxe5 18. Bxe5 Nd7 19. Bxg7 Kxg7 20. Qg4+ Kh8 21. Qg6 Rf5 22. Qxh6+ Kg8 23. Rh3 Nf8 24. Rg3+ Kf7 25. Bxf5 exf5 26. Rg7+ Ke8 27. Qh5+ Kd7 28. Qxf5+ Kc6 29. Qh5 Ne6 30. Rg6 Bd6 31. g3 Bd7 32. Qe2 Qe8 33. h5 Nf8 34. Rh6 Qf7 35. Nf3 Qg7 36. Ne5+ Kc7 37. Qe3 Be7 38. Nxd7 Bg5 39. Nxf8 Qxf8 40. Qxg5 Re8+ 41. Kf1 1-0

[Event "Olympiad Women 2024"]
[Site "Budapest HUN"]
[Date "2024.09.18"]
[Round "7.14"]
[Board "2"]
[White "Azali, Tannaz"]
[Black "Gajcin, Marina"]
[Result "0-1"]
[WhiteElo "2125"]
[BlackElo "2253"]
[PlyCount "102"]
[EventDate "2024.09.11"]
[WhiteTeam "Iran"]
[BlackTeam "Serbia"]
[WhiteTeamCountry "IRI"]
[BlackTeamCountry "SRB"]

1. d4 Nf6 2. c4 e6 3. Nc3 Bb4 4. Bd2 O-O 5. Nf3 b6 6. e3 d5 7. cxd5 exd5 8. Bd3 Re8 9. Rc1 Ba6 10. Bxa6 Nxa6 11. Ne5 $146 ({RR} 11. O-O Qc8 12. Ne5 Qb7 13. a3 Bd6 14. f4 c5 15. Qf3 Nc7 16. Be1 Ne4 17. dxc5 bxc5 18. Nxe4 dxe4 19. Qf2 Bxe5 20. fxe5 Ne6 21. Bc3 Rad8 22. Rcd1 Rd3 23. Rde1 h6 24. Qf5 Red8 25. h4 c4 {0-1 Suvorov,A (2353)-Eljanov,P (2672) Titled Tuesday intern op 26th Jan blitz 2021 (2)}) ({RR} 11. O-O Bf8 12. Ne2 Qc8 13. Qa4 c5 14. Ng3 Qb7 15. dxc5 Nxc5 16. Qb5 Rac8 17. Rfd1 a6 18. Qf1 Nfe4 19. Be1 g6 20. Ne2 Na4 21. Rb1 Bg7 22. Nfd4 Nac5 23. Nf3 Ne6 24. Ned4 Nxd4 25. Nxd4 Rc4 {½-½ Aronian,L (2767)-Carlsen,M (2863) Norway Chess 8th 2020 (1)}) ({RR} 11. O-O Bf8 12. Ne5 c5 13. Be1 Nc7 14. f3 Nd7 15. f4 f6 16. Nc6 Qc8 17. dxc5 Nxc5 18. Nxd5 Nxd5 19. Qxd5+ Qe6 20. Nb4 Qxd5 21. Nxd5 Rad8 22. Rd1 Rd7 23. Bc3 Ne4 24. Rd3 Red8 25. Rfd1 Kf7 {½-½ Aczel,G (2502)-Lalic,B (2348) Balkan & Prishtina Open 2024 (7.9)}) ({RR} 11. Qa4 Qc8 12. O-O Qb7 13. a3 Bxc3 14. Bxc3 Ne4 15. b4 c5 16. dxc5 bxc5 17. Be5 Rac8 18. h3 Re6 19. Rfd1 Rce8 20. Bf4 h6 21. Qa5 cxb4 22. axb4 Nxb4 23. Rc7 Qb6 24. Qxa7 Qxa7 25. Rxa7 g5 {0-1 Xiong,J (2709)-Lazavik,D (2440) Junior Speed Final blitz 2021 (1.19)}) 11... Bd6 12. f4 Bb4 13. Qe2 Qc8 14. O-O c5 15. Nb5 Bxd2 16. Qxd2 Ne4 17. Qd1 Qb7 18. f5 f6 19. Nd3 Qd7 20. Nc3 c4 21. Ne1 Nc7 22. g4 Nxc3 23. Rxc3 Nb5 24. Ng2 Nxc3 25. bxc3 Re4 26. Qf3 Rae8 27. h4 h6 28. Rf2 Qd6 29. Re2 Qa3 30. Rc2 Qe7 31. Re2 b5 32. Kf2 a5 33. Nf4 Qd6 34. Qg3 b4 35. cxb4 axb4 36. Ne6 Qxg3+ 37. Kxg3 c3 38. Kf3 Rc8 39. Rc2 h5 40. gxh5 Rxh4 41. Nf4 Rd8 42. Ne6 Ra8 43. Nf4 Rh1 44. Nxd5 Rb1 45. Nf4 Rb2 46. Rc1 Raxa2 47. Nd3 Rd2 48. Nxb4 Rab2 49. Nd5 c2 50. Nc3 Rb3 51. Ne4 Rb1 0-1

[Event "Olympiad Women 2024"]
[Site "Budapest HUN"]
[Date "2024.09.18"]
[Round "7.14"]
[Board "3"]
[White "Velikic, Adela"]
[Black "Karimi, Setayesh"]
[Result "0-1"]
[WhiteElo "2260"]
[BlackElo "2105"]
[PlyCount "74"]
[EventDate "2024.09.11"]
[WhiteTeam "Serbia"]
[BlackTeam "Iran"]
[WhiteTeamCountry "SRB"]
[BlackTeamCountry "IRI"]

1. d4 Nf6 2. c4 e6 3. Nf3 Bb4+ 4. Nbd2 Qe7 5. g3 O-O 6. Bg2 d6 7. O-O Bxd2 ({RR} 7... e5 8. Nb3 exd4 9. Nfxd4 Re8 10. Bf4 Nh5 11. Be3 Na6 12. Qc2 h6 13. Rad1 Nf6 14. h3 Bc5 15. Nxc5 Nxc5 16. Nb5 Nce4 17. Bd4 Bf5 18. Bxf6 Qxf6 19. Nxc7 Nxg3 20. Nxe8 Rxe8 21. fxg3 Bxc2 22. Rxf6 {1-0 Deac,B (2700)-Terry,R (2516) Titled Tue 1st Nov Early 2022 (10)}) 8. Qxd2 ({RR} 8. Bxd2 e5 9. Qc2 Re8 10. e4 Bg4 11. d5 Bxf3 12. Bxf3 a5 13. b3 Nbd7 14. a3 Nf8 15. b4 axb4 16. axb4 Ng6 17. c5 b6 18. Be3 bxc5 19. bxc5 Reb8 20. Rfb1 Qd8 21. c6 Rxb1+ 22. Qxb1 Rxa1 {0-1 Stefansson,V (2464)-Martinez Alcantara,J (2610) Titled Tue 27th Feb Late 2024 (5)}) 8... e5 9. e3 $146 ({RR} 9. b3 Re8 10. dxe5 dxe5 11. Bb2 Nc6 12. Qe3 h6 13. Rfd1 a5 14. a3 Bf5 15. Nh4 Bh7 16. h3 Nd4 17. Bxd4 exd4 18. Qxe7 Rxe7 19. Rxd4 g5 20. Nf3 Rxe2 21. h4 Rb2 22. hxg5 hxg5 23. Nxg5 Rxb3 {1-0 Mirzoev,A (2543)-Varas,C (2290) Erandio op 15th 2006 (6)}) ({RR} 9. b3 Nc6 10. d5 Nb8 11. Bb2 a5 12. Nh4 Nh5 13. e4 b6 14. Rae1 g6 15. f4 f6 16. Qd1 Ng7 17. fxe5 fxe5 18. Rxf8+ Qxf8 19. Rf1 Qe7 20. Qf3 Na6 21. Bc1 Bd7 22. Bg5 Qe8 23. g4 a4 {1-0 Michel Yunis,C (2234)-Parraga,A (2173) Olympiad-42 Baku 2016 (6.4)}) ({RR} 9. b3 Re8 10. dxe5 dxe5 11. e3 Nc6 12. Bb2 Bg4 13. h3 Rad8 14. Qe2 Bh5 15. g4 Bg6 16. Rfd1 Be4 17. Rxd8 Rxd8 18. Rd1 Rxd1+ 19. Qxd1 h5 20. gxh5 Nxh5 21. Nxe5 Bxg2 22. Kxg2 Nxe5 23. Qxh5 Nd3 {1-0 Spassov,L (2417)-Orev,P (2231) Sofia Gerenski Memorial 2nd 2009 (9)}) 9... e4 10. Ne1 c6 11. b3 d5 12. a4 Re8 13. Ba3 Qd8 14. Nc2 h5 15. Rfc1 h4 16. Ne1 hxg3 17. hxg3 Ng4 18. Ra2 a5 19. Qc3 Be6 20. Rb2 Qg5 21. cxd5 Bxd5 22. b4 Qh5 23. bxa5 Qh2+ 24. Kf1 Re6 25. Rcc2 Rf6 26. Re2 Bc4 27. Qxc4 Rxf2+ 28. Rxf2 Nxe3+ 29. Ke2 Nxc4 30. Rb3 Qh5+ 31. Kf1 e3 32. Bf3 Qh3+ 33. Bg2 Qxg3 34. Rf3 Nd2+ 35. Ke2 Nxf3 36. Rxe3 Qxe1+ 37. Kxf3 Qd1+ 0-1

[Event "Olympiad Women 2024"]
[Site "Budapest HUN"]
[Date "2024.09.18"]
[Round "7.14"]
[Board "4"]
[White "Behzad Nazif, Parva"]
[Black "Eric, Jovana"]
[Result "1-0"]
[WhiteElo "2092"]
[BlackElo "2162"]
[PlyCount "91"]
[EventDate "2024.09.11"]
[WhiteTeam "Iran"]
[BlackTeam "Serbia"]
[WhiteTeamCountry "IRI"]
[BlackTeamCountry "SRB"]

1. d4 Nf6 2. Nf3 e6 3. g3 c5 4. Bg2 Qa5+ 5. c3 cxd4 6. Nxd4 d5 ({RR} 6... a6 7. O-O Qc7 8. b3 Nc6 9. Bb2 Nxd4 {½-½ Vera Gonzalez Quevedo,R (2546)-Miles,A (2579) Capablanca Memorial Elite 35th 2000 (7)}) 7. O-O Be7 8. Nb3 $146 ({RR} 8. Qc2 Nc6 9. Nxc6 bxc6 10. c4 O-O 11. Nc3 Ba6 12. cxd5 cxd5 13. Bd2 Rac8 14. Qd1 Qb6 15. b3 Ba3 16. Bc1 Bxc1 17. Rxc1 Qb4 18. a3 Qxa3 19. Ra1 Qd6 20. Ne4 Nxe4 21. Bxe4 Qb6 22. Bd3 Bb7 {0-1 Alvarez,R (2265)-Slipak,S Buenos Aires BCA op 1990 (2)}) ({RR} 8. Nd2 e5 9. N4b3 Qc7 10. e4 a5 11. a4 Be6 12. exd5 Nxd5 13. Re1 Nb6 14. Qe2 N6d7 15. f4 Qb6+ 16. Qf2 Nc5 17. Rxe5 Nbd7 18. Nxc5 Bxc5 19. Rxc5 Qxc5 20. Bxb7 Rb8 21. Bg2 Qxf2+ 22. Kxf2 Nc5 {0-1 Vukovic,N-Jankovic,A (2273) CRO-ch U19 Pula 2001 (4)}) ({RR} 8. Nd2 O-O 9. e4 dxe4 10. Nxe4 e5 11. Nb3 Qc7 12. Nxf6+ Bxf6 13. Qf3 a5 14. Be3 Nd7 15. Nd2 a4 16. Rac1 Ra6 17. Rfd1 Be7 18. Bf1 {½-½ Andres Gonzalez,A (2523)-Damaso,R (2401) POR-chT Caldas da Rainha 2014 (7.3)}) 8... Qd8 9. c4 a5 10. cxd5 a4 11. Nd4 Nxd5 12. e4 Nb6 13. Nc3 O-O 14. Ndb5 Bd7 15. Qe2 Bc6 16. Rd1 N8d7 17. Bf4 Ra5 18. Rac1 Bc5 19. Bd6 Bxd6 20. Nxd6 Qe7 21. b4 axb3 22. axb3 Ra3 23. b4 Ba4 24. Nxa4 Nxa4 25. Qc2 Nc3 26. Rd3 Ne5 27. Rd2 Na2 28. Rb1 Rfa8 29. Nc8 Qf8 30. Nb6 Nxb4 31. Qc7 Ra1 32. Rdd1 Rxb1 33. Rxb1 Na6 34. Qxe5 Rd8 35. h4 Nb4 36. Qc3 Nc6 37. e5 Nd4 38. Qc4 Nf5 39. Bxb7 Qa3 40. Qb3 Qc5 41. Qb5 Qc2 42. Nc4 Nd4 43. Qb6 Rb8 44. Ne3 Qc3 45. Rd1 Ne2+ 46. Kf1 1-0